| 000 -LEADER |
| fixed length control field |
00813nam a2200217 4500 |
| 001 - CONTROL NUMBER |
| control field |
22611 |
| 003 - CONTROL NUMBER IDENTIFIER |
| control field |
BD-DhUAP |
| 005 - DATE AND TIME OF LATEST TRANSACTION |
| control field |
20250311112628.0 |
| 008 - FIXED-LENGTH DATA ELEMENTS--GENERAL INFORMATION |
| fixed length control field |
250311b2024 bg a|||| |||| 001 0aban d |
| 020 ## - INTERNATIONAL STANDARD BOOK NUMBER |
| International Standard Book Number |
9789849071648 |
| 040 ## - CATALOGING SOURCE |
| Original cataloging agency |
BD-DhUAP |
| Language of cataloging |
Ban |
| Transcribing agency |
BD-DhUAP |
| Modifying agency |
BD-DhUAP |
| 082 ## - DEWEY DECIMAL CLASSIFICATION NUMBER |
| Edition number |
23 |
| Classification number |
345.549205 RAJ |
| 100 ## - MAIN ENTRY--PERSONAL NAME |
| Personal name |
রাজা,কে.এম.রাশেদুজ্জামান । |
| 245 ## - TITLE STATEMENT |
| Title |
খুনের মামলার বিচার আইন ও পদ্ধতি/ |
| Statement of responsibility, etc. |
কে.এম.রাশেদুজ্জামান রাজা। |
| 260 ## - PUBLICATION, DISTRIBUTION, ETC. |
| Place of publication, distribution, etc. |
ঢাকা; |
| Name of publisher, distributor, etc. |
ব্ল্যাকস্টোন, |
| Date of publication, distribution, etc. |
২০২৪ । |
| 300 ## - PHYSICAL DESCRIPTION |
| Extent |
৩০৪ পৃ: |
| Dimensions |
২২ সেমি । |
| 504 ## - BIBLIOGRAPHY, ETC. NOTE |
| Bibliography, etc. note |
Includes index. |
| 650 ## - SUBJECT ADDED ENTRY--TOPICAL TERM |
| Topical term or geographic name entry element |
Murder Case |
| 650 ## - SUBJECT ADDED ENTRY--TOPICAL TERM |
| Topical term or geographic name entry element |
Law and Procedure |
| 942 ## - ADDED ENTRY ELEMENTS (KOHA) |
| Source of classification or shelving scheme |
|
| Koha item type |
Book |